000
00240nam a2200097Ia 4500
001
689303
005
20250826161631.0
008
250824s9999 xx 000 0 und d
245
0
_a
FAUST (ANTİK)
_c
GOETHE
260
_b
ANTİK DÜNYA KLASİKLERİ
999
_c
689303
_d
689303